[Event "71st ch-RUS HL 2018"]
[Site "Yaroslavl RUS"]
[Date "2018.07.05"]
[Round "9.8"]
[White "Timofeev, Artyom"]
[Black "Najer, Evgeniy"]
[Result "1/2-1/2"]
[WhiteTitle "GM"]
[BlackTitle "GM"]
[WhiteElo "2583"]
[BlackElo "2668"]
[WhiteFideId "4140419"]
[BlackFideId "4118987"]
[EventDate "2018.06.26"]

1. e4 c5 2. Nf3 d6 3. d4 cxd4 4. Nxd4 Nf6 5. Nc3 a6 6. Be3 e5 7. Nf3 Be7 8. Bc4
O-O 9. O-O Nc6 10. Re1 b5 11. Bf1 Rb8 12. Bg5 Nd7 13. Be3 Nc5 14. a3 Bg4 15. Be2
Be6 16. b4 Nd7 17. Nd5 Nf6 18. Nxf6+ Bxf6 19. c4 Qd7 20. Rc1 h6 21. h3 Be7 22.
Nh2 Bg5 23. Bxg5 hxg5 24. cxb5 axb5 25. Bg4 Rfc8 26. Qd2 Bxg4 27. Nxg4 f6 28.
Qd5+ Kf8 29. Ne3 Nd4 30. Rxc8+ Rxc8 31. Nf5 Qc6 32. Qxd6+ Qxd6 33. Nxd6 Rc6 34.
Nf5 Nc2 35. Rd1 g6 36. Rd8+ Kf7 37. Rd7+ Ke8 38. Rd6 Rc4 39. Ne3 Nxe3 40. fxe3
Ke7 41. Rb6 Rc3 42. Kf2 Rxa3 43. Rxb5 Rb3 44. Rb7+ Ke6 45. Rb6+ Kf7 46. Rb8 Rb2+
47. Kf3 f5 48. b5 g4+ 49. hxg4 fxg4+ 50. Kg3 Kf6 51. b6 Kg5 52. b7 Rb3 53. Re8
Rxb7 54. Rxe5+ Kf6 55. Re8 Rb2 56. Rf8+ Ke5 57. Rf2 Rb3 58. Kxg4 Rxe3 59. Rf8
Rxe4+ 60. Kg5 Ke6 61. Re8+ Kd5 62. Ra8 Ke6 63. Ra7 Re2 64. g4 Rg2 65. Rg7 Rg1
66. Rxg6+ Kf7 67. Kh6 Rh1+ 68. Kg5 Ra1 69. Rb6 Kg7 70. Rb7+ Kg8 71. Kh5 Ra5+ 72.
g5 Ra6 73. g6 Ra1 74. Rb8+ Kg7 75. Rb7+ Kg8 1/2-1/2

[Event "71st ch-RUS HL 2018"]
[Site "Yaroslavl RUS"]
[Date "2018.07.05"]
[Round "9.26"]
[White "Ovetchkin, Roman"]
[Black "Oganian, Miran"]
[Result "1/2-1/2"]
[WhiteTitle "GM"]
[BlackTitle "IM"]
[WhiteElo "2546"]
[BlackElo "2432"]
[WhiteFideId "4119991"]
[BlackFideId "4122488"]
[EventDate "2018.06.26"]

1. e4 c5 2. Nf3 g6 3. d4 cxd4 4. Qxd4 Nf6 5. e5 Nc6 6. Qa4 Nd5 7. Qe4 Ndb4 8.
Bb5 Bg7 9. a3 Na6 10. O-O O-O 11. Re1 Nc7 12. Bc4 Nxe5 13. Nxe5 d5 14. Qh4 dxc4
15. Nc3 Nd5 16. Nxd5 Qxd5 17. Bh6 Bf6 18. Qxc4 Qxc4 19. Nxc4 Rd8 20. c3 Be6 21.
Nd2 Bg7 22. Bf4 Rd7 23. Ne4 b6 24. Rad1 Rad8 25. Rxd7 Rxd7 26. Nd2 h6 27. h4 Bf6
28. Bxh6 Bxh4 29. Ne4 Bf5 30. g3 Bxe4 31. Rxe4 Bf6 32. Be3 b5 33. a4 a6 34. axb5
axb5 35. Rb4 Rd5 36. Rb3 Be5 37. Ra3 f6 38. Kf1 Kf7 39. Ke2 Ke6 40. Bd2 Kf5 41.
Ra7 Bd6 42. Rb7 g5 43. b3 Re5+ 44. Be3 Kg4 45. Rb6 f5 46. Kd3 Rd5+ 47. Ke2 f4
48. gxf4 gxf4 49. Bd4 e5 50. f3+ Kf5 51. Bf2 e4 52. c4 bxc4 53. bxc4 exf3+ 54.
Kxf3 Rd3+ 55. Ke2 Ke4 56. c5 f3+ 57. Ke1 Be5 58. Rb4+ Kd5 59. Rb1 Bd4 1/2-1/2

[Event "71st ch-RUS HL 2018"]
[Site "Yaroslavl RUS"]
[Date "2018.07.05"]
[Round "9.27"]
[White "Moiseenko, Vadim"]
[Black "Bykov, Egor"]
[Result "0-1"]
[WhiteTitle "GM"]
[BlackTitle "FM"]
[WhiteElo "2517"]
[BlackElo "2373"]
[WhiteFideId "4123700"]
[BlackFideId "34115290"]
[EventDate "2018.06.26"]

1. e4 e5 2. d4 exd4 3. Qxd4 Nc6 4. Qe3 Nf6 5. Bd2 Bb4 6. c3 Ba5 7. c4 Bxd2+ 8.
Nxd2 O-O 9. Ne2 d6 10. f3 Nd7 11. O-O-O a6 12. Nf4 Nc5 13. g4 Rb8 14. h4 b5 15.
g5 Be6 16. Nh5 bxc4 17. Nxc4 Qe8 18. Rg1 Kh8 19. f4 Nb4 20. a3 Na2+ 21. Kb1 Qa4
22. Rd4 Rb3 23. Qd2 Nc3+ 24. Kc1 Rxa3 25. Nxa3 Nb3+ 26. Kc2 Nxd4+ 27. Kxc3 Qb3+
28. Kxd4 c5# 0-1